00454nam a2200181Ia 4500008004100000020001800041245002000059245001800079260001500097260002200112260000900134300001500143300002500158300001000183440005200193500000800245999001900253170705s9999 xx 000 0 und d a9780516445380 aAaron Copland / cMike Venezia. aNew York : bChildren's Press, c1995 a32 pages : bcolor illustration ; c24cm. aGetting to know the world's greatest composers. a930 c336542d336542